000 01212nam a22002897a 4500
999 _c29523
_d29494
003 EG-ScBUE
005 20210928094754.0
008 210928s2006 ua a f b 000 0 ara d
040 _aEG-ScBUE
_bara
_erda
_cEG-ScBUE
_dEG-ScBUE
082 0 4 _a658
_bهـ و ا
_222
100 1 _aالهواري، سيد،
_eمؤلف.
245 1 0 _aدليل المديرين في التطوير الذاتي :
_bملامح مدير المستقبل من الإدارة التبادلية إلى القيادة التحويلية /
_cالدكتور سيد الهواري.
250 _aالطبعة الرابعة.
264 1 _a[القاهرة] :
_b[الناشر غير محدد]
_c2006.
300 _a112 صفحة :
_bإيضاحيات ؛
_c22 سم
336 _2rdacontent
_aنص
_btxt
337 _2rdamedia
_aبدون وسيط
_bn
338 _2rdacarrier
_aمجلد
_bnc
504 _aيشتمل على إرجاعات ببليوجرافية.
541 _cDonation.
650 7 _a‪الإدارة.
_2BUEsh
650 7 _a‪الرؤساء و المديرون.
_2BUEsh
650 7 _a‪القيادة الادارية.
_2BUEsh
653 7 _aBUEsh
_bGGEN
_cSeptember2021
655 7 _2BUEsh
_vReading book
_934232
942 _2ddc